[Event "Pardubice rapid op 35th"]
[Site "Pardubice"]
[Date "2024.07.18"]
[Round "4"]
[White "Fishchuk, Vladyslav"]
[Black "Kavalir, Jan"]
[Result "1-0"]
[WhiteElo "2225"]
[BlackElo "1992"]
[PlyCount "74"]
[EventDate "2024.07.17"]
[EventType "swiss (rapid)"]
[EventRounds "9"]
[EventCountry "CZE"]
[SourceTitle "CBM 221 Extra"]
[Source "ChessBase"]
[SourceDate "2024.09.30"]
[SourceVersion "1"]
[SourceVersionDate "2024.09.30"]
[SourceQuality "1"]

1. Nc3 d5 2. e4 d4 3. Nce2 e5 4. c3 c5 5. Ng3 Nf6 6. Nf3 Nc6 7. Bc4 Bd6 8. d3 0-0 9. a4 Na5 10. Ba2 Qe7 11. Nh4 g6 12. Bg5 Qd8 13. 0-0 Be6 14. f4 exf4 15. Ne2 Bxa2 16. Rxa2 Be7 17. Nxf4 Nxe4 18. Bxe7 Qxe7 19. Qe1 g5 20. Nf5 Qe5 21. Nd5 Rae8 22. dxe4 Nc6 23. cxd4 Nxd4 24. Nxd4 Qxd4+ 25. Qf2 Kg7 26. Nc3 Qxf2+ 27. Rxf2 Rd8 28. Ra1 Rd4 29. Rf5 Rd2 30. Rxg5+ Kh6 31. Rxc5 Rg8 32. g3 Rxb2 33. Rd1 Rg6 34. e5 Rg4 35. Rd6+ Kg7 36. Rc7 Rgb4 37. e6 R4b3 1-0

[Event "Pardubice rapid op 33rd"]
[Site "Pardubice"]
[Date "2022.07.21"]
[Round "9"]
[White "Stocek, Martin"]
[Black "Kavalir, Jan"]
[Result "1/2-1/2"]
[WhiteElo "1851"]
[BlackElo "1987"]
[PlyCount "93"]
[EventDate "2022.07.20"]
[EventType "swiss (rapid)"]
[EventRounds "9"]
[EventCountry "CZE"]
[SourceTitle "CBM 209 Extra"]
[Source "ChessBase"]
[SourceDate "2022.09.30"]
[SourceVersion "1"]
[SourceVersionDate "2022.09.30"]
[SourceQuality "1"]

1. d4 Nf6 2. c4 g6 3. Nc3 d5 4. Bf4 Bg7 5. e3 0-0 6. Nf3 c5 7. Rc1 cxd4 8. exd4 Nc6 9. Bd3 Bg4 10. Be2 e6 11. 0-0 dxc4 12. Bxc4 Bxf3 13. Qxf3 Qxd4 14. Nb5 Qe4 15. Nd6 Qxf3 16. gxf3 e5 17. Bg3 Rab8 18. f4 Nh5 19. fxe5 Nxe5 20. Bxe5 Bxe5 21. Nxf7 Rxf7 22. Rfe1 Bf6 23. Red1 Kg7 24. Bxf7 Kxf7 25. Rc7+ Ke6 26. Rxh7 Bxb2 27. Rdd7 Nf4 28. Rxb7 Rxb7 29. Rxb7 Bd4 30. Kf1 Bb6 31. a4 Nd3 32. f3 Nc5 33. Rg7 Kf6 34. Rg8 Nxa4 35. Ke2 Nc5 36. h4 Ne6 37. Rh8 Nf4+ 38. Kd2 Kg7 39. Rc8 Ng2 40. Rc4 Kh6 41. Rg4 Ne3 42. Re4 Nf5 43. Rg4 Bf2 44. Ke2 Bb6 45. Kd2 Nd4 46. Ke3 Nf5+ 47. Kd2 1/2-1/2

[Event "Bohemia South-chT 0405"]
[Site "Czech Republic"]
[Date "2005.??.??"]
[Round "?"]
[White "Kavalir, Jan"]
[Black "Hyrs, Martin"]
[Result "1-0"]
[WhiteElo "1775"]
[BlackElo "1940"]
[PlyCount "124"]
[EventDate "2004.10.??"]
[EventType "team-tourn"]
[EventRounds "11"]
[EventCountry "CZE"]
[SourceTitle "EXT 2007"]
[Source "ChessBase"]
[SourceDate "2006.11.23"]
[SourceVersion "1"]
[SourceVersionDate "2006.11.23"]
[SourceQuality "1"]

1. e4 e5 2. Nf3 Nf6 3. d3 Nc6 4. Be2 d5 5. Nbd2 Be7 6. c3 0-0 7. b4 a6 8. a3 Re8 9. 0-0 h6 10. Bb2 Bg4 11. Qc2 Qd7 12. Rfe1 Rad8 13. Rad1 Bf8 14. Nf1 g6 15. h3 Be6 16. exd5 Bxd5 17. Ne3 Be6 18. c4 Nd4 19. Nxe5 Qe7 20. Bxd4 Rxd4 21. Nf3 Rdd8 22. d4 c6 23. Bf1 Bg7 24. d5 cxd5 25. Nxd5 Qf8 26. Ne3 Rc8 27. Nd4 Bd7 28. Qb3 Re7 29. c5 Qe8 30. Nec2 Ne4 31. Re3 Ba4 32. Qd3 f5 33. Rde1 Rcc7 34. Qe2 Bf8 35. Qc4+ Kh7 36. Bd3 b5 37. Qa2 Bxc2 38. Qxc2 Bg7 39. Nf3 Nf6 40. Rxe7 Rxe7 41. Rxe7 Qxe7 42. Qe2 Qxe2 43. Bxe2 Nd5 44. Ne1 Bb2 45. Bf3 Nc7 46. Nc2 Kg7 47. Kf1 Kf6 48. Ke2 Ke5 49. Kd3 g5 50. Bc6 Ne6 51. g3 f4 52. a4 bxa4 53. Bxa4 a5 54. Bb3 Nd4 55. Nxd4 Bxd4 56. gxf4+ gxf4 57. f3 axb4 58. Kc4 Bc3 59. Kb5 h5 60. c6 Kd6 61. Kb6 Be5 62. c7 Kd7 1-0

[Event "Bohemia South-chT 0405"]
[Site "Czech Republic"]
[Date "2004.??.??"]
[Round "?"]
[White "Rychtecky, Miroslav"]
[Black "Kavalir, Jan"]
[Result "1-0"]
[WhiteElo "2005"]
[BlackElo "1775"]
[PlyCount "57"]
[EventDate "2004.10.??"]
[EventType "team-tourn"]
[EventRounds "11"]
[EventCountry "CZE"]
[SourceTitle "EXT 2007"]
[Source "ChessBase"]
[SourceDate "2006.11.23"]
[SourceVersion "1"]
[SourceVersionDate "2006.11.23"]
[SourceQuality "1"]

1. d4 Nf6 2. c4 g6 3. Nc3 d5 4. Nf3 Bg7 5. e3 0-0 6. cxd5 Nxd5 7. Bc4 Nb6 8. Bb3 Nc6 9. 0-0 e5 10. d5 Na5 11. e4 Nxb3 12. Qxb3 c6 13. Bg5 Qe8 14. Be3 cxd5 15. exd5 Nd7 16. Nb5 Qd8 17. Nxa7 e4 18. Nd2 f5 19. Nxc8 Rxc8 20. f4 Nc5 21. Bxc5 Rxc5 22. d6+ Kh8 23. Nc4 b5 24. Ne5 Bxe5 25. fxe5 Rxe5 26. Rad1 Qb6+ 27. Kh1 Rd8 28. Qf7 Qc5 29. Qf6+ 1-0